Participacin̤ y accin̤ sindical en la empresa

Bibliographic Details
Format: eBook
Language:Spanish
Published: Albacete : Editorial Bomarzo, 2013
Subjects:
Online Access:Acceso restringido

MARC

LEADER 00000nam a22000007a 4500
005 20141107134614.0
007 cr|||| ||||
008 141107s2013 sp |||||s|||| 00||0 spa d
020 |a 978-84-15923-21-3 
035 |a 11829 
040 |a vLex 
090 |c 5285  |d 5285 
245 0 0 |a Participacin̤ y accin̤ sindical en la empresa  |h [Recurso electrn̤ico]  
256 |a Servicio en ln̕ea 
260 |a Albacete :  |b Editorial Bomarzo,  |c 2013 
300 |a 1 recurso electrn̤ico 
506 1 |a Contenido disponible en los productos indicados  |d vLex Global  |d vLex Global (Academic Edition, excluding Law Schools)  |d vLex Global (U.S. Academic Edition, Law Schools)  |d vLex Global (U.S. Academic Edition, excluding Law Schools)  |d vLex Global (Academic Edition, Law Schools) 
650 0 4 |a Sindicalismo  |z Espaą 
740 0 |a vLex Libros (Servicio en ln̕ea) 
856 4 0 |u http://vlex.com/source/participacion-y-accion-sindical-en-la-empresa-11829  |z Acceso restringido 
942 |c BOOK 
999 0 |a Syndicalism